March Madness 2022 Teams - Statistics

General Stats
  • This quiz has been taken 1,879 times
  • The average score is 35 of 64
Answer Stats
Seed School % Correct
2 Duke
91%
1 Kansas
89%
8 North Carolina
89%
1 Gonzaga
87%
6 Texas
84%
2 Kentucky
83%
1 Baylor
82%
11 Michigan
82%
1 Arizona
77%
4 UCLA
77%
6 Alabama
76%
3 Purdue
76%
7 Michigan State
75%
2 Villanova
74%
15 Saint Peter's
73%
5 Houston
72%
5 Iowa
72%
3 Tennessee
70%
3 Texas Tech
70%
7 Ohio State
69%
10 Miami
68%
4 Arkansas
66%
2 Auburn
65%
4 Illinois
65%
5 Saint Mary's
65%
7 USC
65%
3 Wisconsin
64%
12 Wyoming/Indiana
64%
11 Iowa State
62%
11 Rutgers/Notre Dame
62%
9 TCU
57%
6 LSU
56%
11 Virginia Tech
56%
9 Creighton
55%
9 Marquette
52%
6 Colorado State
51%
4 Providence
51%
9 Memphis
50%
12 New Mexico State
46%
8 San Diego State
46%
10 Loyola Chicago
45%
8 Boise State
43%
12 Richmond
43%
13 South Dakota State
43%
7 Murray State
42%
5 Connecticut
40%
13 Vermont
40%
8 Seton Hall
39%
14 Colgate
38%
14 Yale
38%
10 Davidson
35%
16 Texas Southern/Texas A&M-CC
35%
10 San Francisco
34%
13 Chattanooga
33%
16 Georgia State
33%
12 UAB
30%
13 Akron
29%
14 Montana State
29%
16 Wright State/Bryant
29%
16 Norfolk
28%
15 Delaware
27%
14 Longwood
25%
15 Jacksonville State
20%
15 CS Fullerton
16%
No matching quizzes found
Score Distribution
Percent of People with Each Score
Percentile by Number Answered
Your Score History
You have not taken this quiz